| 000 | 00763nam a2200265Ia 4500 | ||
|---|---|---|---|
| 003 | OSt | ||
| 005 | 20220927110407.0 | ||
| 006 | a|||||r|||| 00| 0 | ||
| 007 | ta | ||
| 008 | 220926b |||||||| |||| 00| 0 eng d | ||
| 024 | _a31069 | ||
| 037 | _cReports | ||
| 040 |
_aRTL _cRTL _beng |
||
| 041 |
_2eng _aeng |
||
| 082 | _a"X:54.44Q71s, L8/GD" | ||
| 110 |
_a"Bangladesh, Statistics (Bureau of-)" _9377532 |
||
| 245 | 0 | _aForeign trade statistics of Bangladesh | |
| 260 |
_aDacca _bGovernment Press Bangladesh _c1978 |
||
| 300 |
_a491p. _ccm. |
||
| 650 | _a Economics | ||
| 650 | _aInternational Trade | ||
| 700 |
_a"Bangladesh, Statistics (Bureau of-)" _9377533 |
||
| 942 |
_h"X:54.44Q71s, L8/GD" _cCC |
||
| 999 |
_c696297 _d696297 |
||